zpět

Detail výsledku týmu

Dno pytle - Vinohrady, Praha

Datum a čas kvízu

34 Celkem bodů Celkový počet nahraných bodů na tomto kvízu bez doplňovacích otázek.
5. Pořadí na kvízu Konečné umístění týmu na tomto kvízu.

Zaznamenané odpovědi

# Otázka Odpověď Body Výsledky
1. Jaká je výše nepodmíněného tre... 7 let 1
2. Okurková sezóna právě začala,... Puma nejezdí lidi. 0
3. Minulé pondělí mělo na nádvoří... Tatiana Vilhelmová 0
4. Jistý programátor s přezdívkou... umí "svlékat" fotografie žen 1
5. Česká tenisová jednička Karolí... Eastbourne 0
-14. Začneme moderními polskými děj... v roce 2010 1
-13. Ze kterého šlechtického rodu p... z rodu Piastovců 0
-12. Které země si rozdělily Polsko... Prusko, Rakousko a Rusko 1
-11. V roce 1940 bylo povražděno př... Katyň 1
-10. Ve kterém polském městě vznikl... v Gdaňsku 1